| 000 | 00526nam a22001817a 4500 | ||
|---|---|---|---|
| 999 |
_c153039 _d153039 |
||
| 005 | 20190128161902.0 | ||
| 010 | _aB-219093 | ||
| 020 |
_a8183820158 _c0.00 |
||
| 035 | _aB-219093, B-219072 , B-219075, B-219095 | ||
| 037 | _bBPPD/PUB | ||
| 082 | _a659.1 | ||
| 100 | _aAllen,Michael E. | ||
| 245 |
_aHow to Promote and advertise/ _cby Michale E.Allen |
||
| 260 |
_aNew Delhi _bLouts Press _c2007 |
||
| 270 |
_aGyan Sager _bNew Delhi _e110002 |
||
| 300 |
_a114p. _c22cm(HB) |
||
| 942 |
_2ddc _cEN _mALL _h659.1 |
||